[Event "Loire-ch Top20 0506"]
[Site "Loire"]
[Date "2006.03.09"]
[Round "6"]
[White "Cizeron, Frederic"]
[Black "Valet, Godeffroy"]
[Result "1-0"]
[WhiteElo "2125"]
[BlackElo "2010"]
[PlyCount "37"]
[EventDate "2005.10.08"]
[EventType "swiss"]
[EventRounds "6"]
[EventCountry "FRA"]
[SourceTitle "EXT 2008"]
[Source "ChessBase"]
[SourceDate "2007.11.25"]
[SourceVersion "1"]
[SourceVersionDate "2007.11.25"]
[SourceQuality "1"]

1. f4 e6 2. Nf3 Nf6 3. e3 d5 4. d4 c5 5. c3 Nc6 6. Bd3 Bd7 7. Nbd2 cxd4 8. exd4 Bd6 9. Ne5 Ne7 10. 0-0 Qb6 11. Qe2 Bc6 12. Re1 Ng6 13. Bxg6 fxg6 14. Nxg6 hxg6 15. Qxe6+ Kf8 16. Qxd6+ Kg8 17. Re7 Rd8 18. Qe6+ Kh7 19. Qxf6 1-0

[Event "Loire-ch Top20 0506"]
[Site "Loire"]
[Date "2005.10.08"]
[Round "1"]
[White "Valet, Godeffroy"]
[Black "Bruel, Bruno"]
[Result "0-1"]
[WhiteElo "2010"]
[BlackElo "1860"]
[PlyCount "142"]
[EventDate "2005.10.08"]
[EventType "swiss"]
[EventRounds "6"]
[EventCountry "FRA"]
[SourceTitle "EXT 2008"]
[Source "ChessBase"]
[SourceDate "2007.11.25"]
[SourceVersion "1"]
[SourceVersionDate "2007.11.25"]
[SourceQuality "1"]

1. e4 c5 2. Nf3 d6 3. d4 cxd4 4. Nxd4 Nf6 5. Nc3 a6 6. Be2 e5 7. Nb3 Be6 8. Be3 Be7 9. 0-0 0-0 10. Qe1 b5 11. Rd1 Nbd7 12. f4 Qc7 13. f5 Bc4 14. Rf3 Nb6 15. Rg3 Rfd8 16. Qf2 Nbd7 17. Bh6 Bf8 18. Nd2 Bxe2 19. Qxe2 b4 20. Nd5 Qxc2 21. Nxb4 Qc5+ 22. Qe3 Kh8 23. Nd3 Qa5 24. Bg5 d5 25. Bxf6 Nxf6 26. Nb3 Qc7 27. Rc1 Qd6 28. exd5 Nxd5 29. Qxe5 Qb6+ 30. Qd4 Qh6 31. Ne5 Kg8 32. Ng4 Qh4 33. f6 g6 34. Rf1 Rab8 35. Rh3 Qg5 36. Qe5 Qxg4 37. Rd3 Rb5 38. Rg3 Qd7 39. Qe4 Re8 40. Qh4 Rb4 41. Qg5 Rbe4 42. Rd3 Qa7+ 43. Kh1 Qf2 44. Rf3 R4e5 45. Qc1 Qh4 46. Rh3 Qb4 47. a3 Qb6 48. Qd2 Nxf6 49. Nd4 Re4 50. Nf3 Re2 51. Qf4 Ne4 52. Nd4 Nf2+ 53. Rxf2 Re1+ 54. Rf1 Rxf1+ 55. Qxf1 Qxd4 56. Rf3 f5 57. b4 Qd2 58. Qc4+ Kh8 59. h4 Re4 60. Qxa6 Qe1+ 61. Rf1 Qxh4+ 62. Kg1 Be7 63. Qc8+ Kg7 64. b5 Bf6 65. Qc7+ Re7 66. Qd6 Bd4+ 67. Rf2 Qxf2+ 68. Kh2 Be5+ 69. Qxe5+ Rxe5 70. b6 Qh4+ 71. Kg1 Re1# 0-1

[Event "Loire-ch Top20 0405"]
[Site "Loire"]
[Date "2005.04.09"]
[Round "8"]
[White "Boblin, Laurent"]
[Black "Valet, Godeffroy"]
[Result "0-1"]
[WhiteElo "2040"]
[BlackElo "2052"]
[PlyCount "68"]
[EventDate "2004.09.25"]
[EventType "swiss"]
[EventRounds "9"]
[EventCountry "FRA"]
[SourceTitle "EXT 2008"]
[Source "ChessBase"]
[SourceDate "2007.11.25"]
[SourceVersion "1"]
[SourceVersionDate "2007.11.25"]
[SourceQuality "1"]

1. e4 e6 2. d4 d5 3. Nd2 c5 4. exd5 exd5 5. Ngf3 Nc6 6. Bb5 Nf6 7. 0-0 Be7 8. dxc5 Bxc5 9. Nb3 Be7 10. Nbd4 Qc7 11. c3 0-0 12. Bd3 Bg4 13. Qb3 Ne5 14. Nxe5 Qxe5 15. Qxb7 Rfb8 16. f4 Qxd4+ 17. cxd4 Rxb7 18. f5 g6 19. h3 Bxf5 20. Bxf5 gxf5 21. Rxf5 Kg7 22. Bf4 Rxb2 23. Be5 Rc8 24. Rff1 Rc6 25. g4 Kg6 26. h4 Nxg4 27. h5+ Kh6 28. Bf4+ Kg7 29. Bc1 Rbc2 30. Rxf7+ Kg8 31. Bb2 Rxb2 32. Rxe7 Rcc2 33. Re8+ Kg7 34. Rae1 Rg2+ 0-1

[Event "Loire-ch Top20 0405"]
[Site "Loire"]
[Date "2005.03.26"]
[Round "7"]
[White "Bellon, Yves"]
[Black "Valet, Godeffroy"]
[Result "0-1"]
[WhiteElo "1860"]
[BlackElo "2052"]
[PlyCount "70"]
[EventDate "2004.09.25"]
[EventType "swiss"]
[EventRounds "9"]
[EventCountry "FRA"]
[SourceTitle "EXT 2008"]
[Source "ChessBase"]
[SourceDate "2007.11.25"]
[SourceVersion "1"]
[SourceVersionDate "2007.11.25"]
[SourceQuality "1"]

1. c4 e5 2. Nc3 Nc6 3. Nf3 Nf6 4. e4 Bb4 5. d3 d6 6. g3 Bg4 7. h3 Bxf3 8. Qxf3 Nd4 9. Qd1 Nd7 10. Bg2 c6 11. 0-0 Nf8 12. Be3 Nfe6 13. a3 Bc5 14. Na4 a6 15. Nxc5 dxc5 16. f4 exf4 17. gxf4 Qh4 18. Kh2 0-0-0 19. b4 g5 20. fxg5 Nxg5 21. Rf4 Qh6 22. bxc5 Nge6 23. Bxd4 Qxf4+ 24. Kh1 Nxd4 25. Rb1 Rhg8 26. Rb2 Rg3 27. Qb1 Qc7 28. Rf2 Rdg8 29. Qf1 R8g7 30. Qa1 Qd7 31. Qf1 Qe6 32. Kh2 Qd7 33. Rb2 Ne6 34. Rd2 Qc7 35. Kh1 Nf4 0-1

[Event "Loire-ch Top20 0405"]
[Site "Loire"]
[Date "2005.01.22"]
[Round "5"]
[White "Valet, Godeffroy"]
[Black "Poncet, Alain"]
[Result "1-0"]
[WhiteElo "2052"]
[BlackElo "2060"]
[PlyCount "53"]
[EventDate "2004.09.25"]
[EventType "swiss"]
[EventRounds "9"]
[EventCountry "FRA"]
[SourceTitle "EXT 2008"]
[Source "ChessBase"]
[SourceDate "2007.11.25"]
[SourceVersion "1"]
[SourceVersionDate "2007.11.25"]
[SourceQuality "1"]

1. e4 e5 2. f4 d5 3. exd5 e4 4. d3 Nf6 5. dxe4 Nxe4 6. Bd3 Qxd5 7. Qe2 f5 8. Nc3 Bb4 9. Bd2 Bxc3 10. Bxc3 Kf8 11. Bb5 Bd7 12. Rd1 Nxc3 13. Rxd5 Nxe2 14. Bxd7 Nxd7 15. Nxe2 Ke7 16. Rxf5 g6 17. Rd5 c6 18. Rd3 Nc5 19. Re3+ Kf6 20. 0-0 Rad8 21. Nc3 Rd2 22. b4 Rxc2 23. bxc5 Rd8 24. a3 b5 25. Ne4+ Kg7 26. Nd6 Rxc5 27. Nb7 1-0

[Event "Loire-ch Top20 0405"]
[Site "Loire"]
[Date "2004.12.23"]
[Round "4"]
[White "Cizeron, Frederic"]
[Black "Valet, Godeffroy"]
[Result "1-0"]
[WhiteElo "2114"]
[BlackElo "2052"]
[PlyCount "55"]
[EventDate "2004.09.25"]
[EventType "swiss"]
[EventRounds "9"]
[EventCountry "FRA"]
[SourceTitle "EXT 2008"]
[Source "ChessBase"]
[SourceDate "2007.11.25"]
[SourceVersion "1"]
[SourceVersionDate "2007.11.25"]
[SourceQuality "1"]

1. d4 e6 2. f4 Nf6 3. Nf3 c5 4. e3 Nc6 5. c3 b6 6. Bd3 cxd4 7. exd4 Bb7 8. 0-0 Bd6 9. Ne5 Ne7 10. Nd2 0-0 11. g4 Ng6 12. g5 Bxe5 13. fxe5 Nd5 14. Ne4 f5 15. gxf6 gxf6 16. c4 f5 17. Bg5 Ne3 18. Qe2 Qc7 19. Qxe3 fxe4 20. Be2 Rf5 21. Bh6 d6 22. exd6 Qxd6 23. Bg4 Rxf1+ 24. Rxf1 e5 25. d5 b5 26. Be6+ Kh8 27. Bg7+ Kxg7 28. Rf7+ 1-0

[Event "Loire-ch Top20 0405"]
[Site "Loire"]
[Date "2004.10.16"]
[Round "2"]
[White "Bednar, Emile"]
[Black "Valet, Godeffroy"]
[Result "0-1"]
[WhiteElo "1930"]
[BlackElo "2052"]
[PlyCount "112"]
[EventDate "2004.09.25"]
[EventType "swiss"]
[EventRounds "9"]
[EventCountry "FRA"]
[SourceTitle "EXT 2008"]
[Source "ChessBase"]
[SourceDate "2007.11.25"]
[SourceVersion "1"]
[SourceVersionDate "2007.11.25"]
[SourceQuality "1"]

1. d4 e6 2. Nf3 Nf6 3. c4 Bb4+ 4. Bd2 Bxd2+ 5. Nbxd2 Nc6 6. e3 d6 7. Be2 e5 8. dxe5 dxe5 9. 0-0 0-0 10. Qc2 Qe7 11. Rfe1 Rd8 12. Ne4 Bf5 13. Nxf6+ Qxf6 14. e4 Bg4 15. Qc3 Bxf3 16. Bxf3 Nd4 17. Re3 Rd6 18. c5 Rd7 19. Bg4 Rdd8 20. Rae1 Qa6 21. a3 Qa4 22. Bd1 Qd7 23. Rg3 b6 24. cxb6 cxb6 25. Qe3 Qd6 26. Qg5 Ne6 27. Qg4 Qd2 28. Rf1 Rd3 29. Rxd3 Qxd3 30. Qf3 Rd8 31. Qxd3 Rxd3 32. f3 Rd2 33. b4 Nf4 34. Bb3 Rxg2+ 35. Kh1 Rb2 36. Bc4 Rc2 37. Bd5 g6 38. b5 Rc5 39. Bc6 Rc3 40. a4 Ra3 41. Kg1 Rxa4 42. Kf2 Ra2+ 43. Kg1 Ne2+ 44. Kf2 Nd4+ 45. Kg3 Rb2 46. Ra1 Nxb5 47. Bxb5 Rxb5 48. Rxa7 Rb2 49. h4 Kg7 50. Rb7 b5 51. Kg4 b4 52. h5 b3 53. hxg6 Kxg6 54. f4 Rb1 55. Rb6+ Kg7 56. fxe5 b2 0-1

[Event "Plancoet op 4th"]
[Site "Plancoet"]
[Date "2004.07.26"]
[Round "2"]
[White "Hartereau, Philippe"]
[Black "Valet, Godeffroy"]
[Result "1-0"]
[WhiteElo "2241"]
[BlackElo "2003"]
[PlyCount "95"]
[EventDate "2004.07.25"]
[EventType "swiss"]
[EventRounds "9"]
[EventCountry "FRA"]
[SourceTitle "CBM 101 Extra"]
[Source "ChessBase"]
[SourceDate "2004.09.01"]
[SourceVersion "2"]
[SourceVersionDate "2004.09.01"]
[SourceQuality "1"]

1. d4 e6 2. c4 Nf6 3. Nf3 Bb4+ 4. Nbd2 Nc6 5. g3 d6 6. Bg2 e5 7. d5 Bxd2+ 8. Bxd2 Ne7 9. 0-0 0-0 10. Bc3 Ne4 11. Rc1 Ng6 12. Nd2 Nxd2 13. Qxd2 f5 14. f4 exf4 15. gxf4 Nh4 16. Bh3 Qe7 17. e3 Bd7 18. Kf2 Qe4 19. Qd4 Qxd4 20. Bxd4 Ng6 21. Rg1 Rf7 22. c5 Ne7 23. Bg2 b6 24. cxd6 cxd6 25. Rc7 Bb5 26. Rgc1 Kf8 27. b3 g6 28. Bb2 Ng8 29. Ba3 Rxc7 30. Rxc7 Nf6 31. Bxd6+ Kg8 32. Be5 Ng4+ 33. Kg3 Nxe3 34. Rg7+ Kf8 35. Rxh7 Rd8 36. Rh8+ Ke7 37. Bf6+ Kxf6 38. Rxd8 Nxg2 39. Kxg2 Bd3 40. Kf2 Bb1 41. a3 Ba2 42. b4 Ke7 43. Rg8 Kf6 44. Ra8 Bxd5 45. Rxa7 b5 46. Ke3 Bc4 47. Kd4 Ke6 48. a4 1-0

[Event "FRA-chT3 Gr12 0304"]
[Site "Loire"]
[Date "2004.04.04"]
[Round "7.2"]
[White "Gingene, Eric"]
[Black "Valet, Godeffroy"]
[Result "0-1"]
[WhiteElo "2066"]
[BlackElo "1960"]
[PlyCount "84"]
[EventDate "2003.10.12"]
[EventType "team"]
[EventRounds "9"]
[EventCountry "FRA"]
[SourceTitle "EXT 2008"]
[Source "ChessBase"]
[SourceDate "2007.11.25"]
[SourceVersion "1"]
[SourceVersionDate "2007.11.25"]
[SourceQuality "1"]

1. d4 e6 2. c4 Nf6 3. Nc3 Bb4 4. Nf3 0-0 5. e3 Nc6 6. Bd3 d6 7. 0-0 e5 8. d5 Ne7 9. Qc2 Bxc3 10. bxc3 Bg4 11. Nd2 Qd7 12. e4 Ng6 13. f3 Bh5 14. g4 Nxg4 15. fxg4 Qxg4+ 16. Kh1 Nf4 17. Nf3 Qh3 18. Nxe5 dxe5 19. Bxf4 Bf3+ 20. Kg1 exf4 21. e5 g6 22. Rf2 Rfe8 23. Re1 Re7 24. Bf1 Qg4+ 25. Bg2 Bxg2 26. Rxg2 Qh5 27. Qe4 Rae8 28. Qxf4 Rxe5 29. Rf1 f5 30. c5 Rxd5 31. Qxc7 Rd1 32. Qf4 Rxf1+ 33. Qxf1 Re4 34. h3 f4 35. Qd3 Qxc5+ 36. Kh2 Qe7 37. Qd1 Re6 38. Rd2 Qf7 39. Rd7 Re7 40. Rd8+ Re8 41. Rd7 Qxa2+ 42. Kg1 f3 0-1

[Event "Loire-ch op"]
[Site "Loire"]
[Date "2004.03.20"]
[Round "5"]
[White "Valet, Godeffroy"]
[Black "Gaillard, Pierre"]
[Result "1/2-1/2"]
[WhiteElo "1960"]
[BlackElo "1690"]
[PlyCount "73"]
[EventDate "2004.01.10"]
[EventType "swiss"]
[EventRounds "9"]
[EventCountry "FRA"]
[SourceTitle "EXT 2008"]
[Source "ChessBase"]
[SourceDate "2007.11.25"]
[SourceVersion "1"]
[SourceVersionDate "2007.11.25"]
[SourceQuality "1"]

1. e4 e6 2. d4 d5 3. exd5 exd5 4. Bd3 Bd6 5. Ne2 c6 6. 0-0 Ne7 7. Bf4 Bg4 8. f3 Bh5 9. c3 Bg6 10. Bxd6 Qxd6 11. Ng3 Bxd3 12. Qxd3 Qg6 13. Qxg6 hxg6 14. Nd2 Nd7 15. Rfe1 Kf8 16. Re2 Nf6 17. Rae1 Nf5 18. Nxf5 gxf5 19. Nb3 b6 20. Nc1 Re8 21. Nd3 Rxe2 22. Rxe2 a5 23. Ne5 c5 24. dxc5 bxc5 25. Nc6 a4 26. Re5 g6 27. g3 Kg7 28. Re7 Re8 29. Rxe8 Nxe8 30. Ne7 Nc7 31. Nc8 Na8 32. Kf2 Kf6 33. Nd6 Nb6 34. Nb7 Nd7 35. Ke3 Ke5 36. f4+ Ke6 37. Nd8+ 1/2-1/2

[Event "FRA-chT3 Gr12 0304"]
[Site "Loire"]
[Date "2004.02.01"]
[Round "5.3"]
[White "Valet, Godeffroy"]
[Black "Arnaud, Jean Laurent"]
[Result "1-0"]
[WhiteElo "1960"]
[BlackElo "1570"]
[PlyCount "57"]
[EventDate "2003.10.12"]
[EventType "team"]
[EventRounds "9"]
[EventCountry "FRA"]
[SourceTitle "EXT 2008"]
[Source "ChessBase"]
[SourceDate "2007.11.25"]
[SourceVersion "1"]
[SourceVersionDate "2007.11.25"]
[SourceQuality "1"]

1. e4 e5 2. f4 exf4 3. Nf3 d6 4. Bc4 h6 5. d3 g5 6. h4 Bg7 7. hxg5 hxg5 8. Rxh8 Bxh8 9. Nh2 g4 10. Nxg4 Qh4+ 11. Nf2 Bg4 12. Qxg4 Qxg4 13. Nxg4 Nc6 14. c3 Ne5 15. Nxe5 dxe5 16. b3 Nf6 17. Nd2 c6 18. a4 Nd7 19. Ba3 Bf6 20. Nf3 a6 21. a5 Be7 22. Bxe7 Kxe7 23. b4 Rg8 24. Kf2 Rg7 25. Rh1 Nf8 26. Nxe5 f6 27. Nf3 Ng6 28. Nh4 Kd7 29. Nf5 1-0

[Event "FRA-chT3 Gr12 0304"]
[Site "Loire"]
[Date "2004.01.18"]
[Round "4.4"]
[White "Valet, Godeffroy"]
[Black "Tourette, Yvan"]
[Result "1-0"]
[WhiteElo "1960"]
[BlackElo "1790"]
[PlyCount "111"]
[EventDate "2003.10.12"]
[EventType "team"]
[EventRounds "9"]
[EventCountry "FRA"]
[SourceTitle "EXT 2008"]
[Source "ChessBase"]
[SourceDate "2007.11.25"]
[SourceVersion "1"]
[SourceVersionDate "2007.11.25"]
[SourceQuality "1"]

1. e4 d5 2. exd5 Qxd5 3. Nc3 Qd6 4. d4 Nf6 5. Nb5 Qd8 6. Nf3 a6 7. Nc3 Qd6 8. Ne5 Nc6 9. Bf4 Qxd4 10. Nxc6 Qxd1+ 11. Rxd1 bxc6 12. Bxc7 Bf5 13. Bxa6 Nd7 14. Bd3 Bxd3 15. Rxd3 e5 16. 0-0 f6 17. Rfd1 Nc5 18. Rd8+ Rxd8 19. Rxd8+ Ke7 20. Ra8 Kd7 21. Bb6 Ne6 22. a4 g6 23. Ra7+ Kc8 24. Ne4 f5 25. Nf6 Bg7 26. Nd7 Re8 27. Nc5 Nxc5 28. Bxc5 Rd8 29. Ra8+ Kd7 30. Rxd8+ Kxd8 31. a5 e4 32. a6 Kc7 33. a7 Kb7 34. b4 Bc3 35. Kf1 Be5 36. h3 f4 37. c4 g5 38. b5 cxb5 39. cxb5 h5 40. b6 g4 41. Ke2 f3+ 42. Kf1 g3 43. gxf3 exf3 44. fxg3 Bxg3 45. Bf2 Be5 46. Ke1 Bf6 47. Kd2 h4 48. Kd3 Bg5 49. Ke4 Be7 50. Kxf3 Bf6 51. Ke4 Bg5 52. Kd5 Be7 53. Ke6 Bd8 54. Kd7 Bg5 55. a8Q+ Kxa8 56. Kc8 1-0

[Event "FRA-ch U14"]
[Site "Le Grand Bornand"]
[Date "2003.??.??"]
[Round "1.8"]
[White "Valet, Godeffroy"]
[Black "Monsieux, Cyril"]
[Result "0-1"]
[WhiteElo "1750"]
[BlackElo "2080"]
[PlyCount "66"]
[EventDate "2003.??.??"]
[EventType "swiss"]
[EventRounds "9"]
[EventCountry "FRA"]
[SourceTitle "EXT 2004"]
[Source "ChessBase"]
[SourceDate "2003.11.25"]
[SourceVersion "1"]
[SourceVersionDate "2003.11.25"]
[SourceQuality "1"]

1. e4 e6 2. d4 d5 3. exd5 exd5 4. Bd3 c5 5. c3 Nc6 6. Ne2 Nf6 7. Bg5 h6 8. Bh4 Be7 9. 0-0 0-0 10. Bc2 Bg4 11. f3 Bd7 12. Kh1 Qb6 13. b3 Rac8 14. dxc5 Qxc5 15. Bf2 Qa5 16. Nf4 Rfd8 17. Qd3 Ne5 18. Qe3 Bc5 19. Qd2 Bxf2 20. Qxf2 Qa6 21. Re1 Qd6 22. Nd3 Re8 23. Rc1 Bb5 24. Nxe5 Qxe5 25. Na3 Ba6 26. c4 dxc4 27. f4 Qh5 28. Nxc4 Ng4 29. Qg1 Re2 30. h3 Nf2+ 31. Kh2 Nxh3 32. Qh1 Nf2+ 33. Kg3 Qg4+ 0-1

[Event "Paris-ch op-B"]
[Site "Paris"]
[Date "2002.07.09"]
[Round "4.85"]
[White "Valet, Godeffroy"]
[Black "Poignant, Jacques"]
[Result "0-1"]
[WhiteElo "1630"]
[BlackElo "1840"]
[PlyCount "49"]
[EventDate "2002.07.06"]
[EventType "swiss"]
[EventRounds "7"]
[EventCountry "FRA"]
[SourceTitle "EXT 2003"]
[Source "ChessBase"]
[SourceDate "2002.11.25"]
[SourceVersion "1"]
[SourceVersionDate "2002.11.25"]
[SourceQuality "1"]

1. e4 e6 2. d4 d5 3. exd5 exd5 4. Bd3 Nf6 5. Nf3 Be7 6. Bg5 h6 7. Bh4 0-0 8. 0-0 Bg4 9. Nbd2 Nbd7 10. c3 c6 11. Qc2 Re8 12. Rfe1 Rc8 13. h3 Be6 14. b4 Nf8 15. Ne5 Nh5 16. Bxe7 Rxe7 17. Nf1 Nf4 18. Bf5 Bxf5 19. Qxf5 N8g6 20. Nd3 Rxe1 21. Rxe1 Nxg2 22. Re2 N2h4 23. Qg4 Qg5 24. Ng3 Qxg4 25. hxg4 0-1